Εκτίμηση πυκνότητας αναγέννησης δασών της μεσογειακής Πεύκης (Pinus brutia) διαφορετικών σταδίων διαδοχής μετά από φωτιά : πτυχιακή εργασία

Αποθηκεύτηκε σε:
Λεπτομέρειες βιβλιογραφικής εγγραφής
Κύριος συγγραφέας: Μετοχιανάκης, Χαράλαμπος
Συγγραφή απο Οργανισμό/Αρχή: Πανεπιστήμιο Αιγαίου. Σχολή Περιβάλλοντος. Τμήμα Περιβάλλοντος
Άλλοι συγγραφείς: Δημητρακόπουλος, Παναγιώτης Γ. (Εισηγητής διατριβής)
Μορφή: Thesis Βιβλίο
Γλώσσα:Greek
Δημοσίευση: Μυτιλήνη : Πανεπιστήμιο Αιγαίου, Σχολή Περιβάλλοντος, Τμήμα Περιβάλλοντος, 2007
Θέματα:
Διαθέσιμο Online:http://hdl.handle.net/11610/9996
Ετικέτες: Προσθήκη ετικέτας
Δεν υπάρχουν, Καταχωρήστε ετικέτα πρώτοι!

MARC

LEADER 00000cam a2200000 i 4500
001 1/60664
008 071029s2007 gre d
035 |l 10091878 
040 |a GR-MY-UA  |b gre  |e aacr 
041 0 |a gre 
082 0 |a 585.217  |2 (22) 
100 1 |a Μετοχιανάκης, Χαράλαμπος. 
245 1 0 |a Εκτίμηση πυκνότητας αναγέννησης δασών της μεσογειακής Πεύκης (Pinus brutia) διαφορετικών σταδίων διαδοχής μετά από φωτιά :  |b πτυχιακή εργασία /  |c Μετοχιανάκης Χαράλαμπος ; επιβλέπων καθηγητής: Παναγιώτης Δημητρακόπουλος 
260 |a Μυτιλήνη :   |b Πανεπιστήμιο Αιγαίου, Σχολή Περιβάλλοντος, Τμήμα Περιβάλλοντος,   |c 2007 
300 |a 66 σ.;  |b διαγρ., έγχρ. εικ., σχ.;  |c 30 εκ. 
502 |a Πτυχιακή εργασία – Πανεπιστήμιο Αιγαίου, Λέσβος, 2007. 
504 |a Βιβλιογραφία: σ. 65-66 
650 0 0 |a Pine  |z Greece  |z Lesbos (Municipality) 
650 0 0 |a Forest ecology. 
650 0 0 |a Forest regeneration  |z Greece  |z Lesbos (Municipality) 
650 0 0 |a Fire ecology. 
650 0 0 |a Dissertations, Academic  |z Greece. 
700 1 |4 ths  |a Δημητρακόπουλος, Παναγιώτης Γ. 
710 2 |a Πανεπιστήμιο Αιγαίου.   |b Σχολή Περιβάλλοντος.   |b Τμήμα Περιβάλλοντος. 
852 |a INST  |b LESVOS  |c DIATR  |e 20071029  |h 1095  |p 005100038917  |q 005100038917  |t DIE  |y 23 
852 |a INST  |b LESVOS  |c DIATR  |e 20071029  |h 1096  |p 005100038916  |q 005100038916  |t DIE  |y 23 
856 |u http://hdl.handle.net/11610/9996 
901 |a BIBL1-2007-3 
909 |a Λ  |b 132938 
909 |a Λ  |b 132939 
924 |a ΜΕΤΟΧΙΑΝΑΚΗΣ  |b ΧΑΡΑΛΑΜΠΟΣ  |y ΛΕΣΒΟΣ  |z 2007-10 
970 |a ΒΑΡΚΑ  |b ΕΛΕΥΘΕΡΙΑ  |z 2007/10/29